Middlemarch (Record no. 262955)
[ view plain ]
| 000 -LEADER | |
|---|---|
| fixed length control field | 02103ngm a2200505Ia 4500 |
| 001 - CONTROL NUMBER | |
| control field | ocm61106736 |
| 003 - CONTROL NUMBER IDENTIFIER | |
| control field | OCoLC |
| 005 - DATE AND TIME OF LATEST TRANSACTION | |
| control field | 20200320181223.0 |
| 007 - PHYSICAL DESCRIPTION FIXED FIELD--GENERAL INFORMATION | |
| fixed length control field | vd cvaizu |
| 008 - FIXED-LENGTH DATA ELEMENTS--GENERAL INFORMATION | |
| fixed length control field | 050719p20051994enk420 g vleng d |
| 020 ## - INTERNATIONAL STANDARD BOOK NUMBER | |
| International Standard Book Number | 1419805258 |
| 020 ## - INTERNATIONAL STANDARD BOOK NUMBER | |
| Terms of availability | 15.95 |
| 024 1# - OTHER STANDARD IDENTIFIER | |
| Standard number or code | 794051219022 |
| 028 42 - PUBLISHER NUMBER | |
| Publisher number | E2190 |
| Source | BBC Video |
| 040 ## - CATALOGING SOURCE | |
| Original cataloging agency | CCP |
| Transcribing agency | CCP |
| Modifying agency | OCLCQ |
| -- | WACOL |
| 049 ## - LOCAL HOLDINGS (OCLC) | |
| Holding library | WACL |
| 082 #4 - DEWEY DECIMAL CLASSIFICATION NUMBER | |
| Classification number | 791.4572 |
| 092 ## - LOCALLY ASSIGNED DEWEY CALL NUMBER (OCLC) | |
| Classification number | DVD |
| Item number | Mid |
| 245 00 - TITLE STATEMENT | |
| Title | Middlemarch |
| Medium | [videorecording] / |
| Statement of responsibility, etc | produced by Louis Marks; directed by Anthony Page; screenplay by Andrew Davies. |
| 246 1# - VARYING FORM OF TITLE | |
| Display text | Title on container: |
| Title proper/short title | George Eliot's Middlemarch |
| 260 ## - PUBLICATION, DISTRIBUTION, ETC. (IMPRINT) | |
| Place of publication, distribution, etc | [England] : |
| Name of publisher, distributor, etc | BBC Video ; |
| Place of publication, distribution, etc | Burbank, CA : |
| Name of publisher, distributor, etc | Distributed in the US and Canada by Warner Home Video, |
| Date of publication, distribution, etc | c2005. |
| 300 ## - PHYSICAL DESCRIPTION | |
| Extent | 1 videodisc (420 min.) : |
| Other physical details | sd., col. ; |
| Dimensions | 4 3/4 in. |
| 538 ## - SYSTEM DETAILS NOTE | |
| System details note | DVD. |
| 546 ## - LANGUAGE NOTE | |
| Language note | Closed captioned for the hearing impaired. |
| 511 1# - PARTICIPANT OR PERFORMER NOTE | |
| Participant or performer note | Rufus Sewell, Julie Aubrey, Robert Hardy, Douglas Hodge, Michael Hordern, Peter Jeffrey, Patrick Malahide, Trevyn McDowell. |
| 508 ## - CREATION/PRODUCTION CREDITS NOTE | |
| Creation/production credits note | Music, Stanley Myers and Christopher Gunning. |
| 500 ## - GENERAL NOTE | |
| General note | Based on the novel by George Eliot. |
| 500 ## - GENERAL NOTE | |
| General note | Videodisc release of the 1994 Masterpiece Theatre television production. |
| 521 ## - TARGET AUDIENCE NOTE | |
| Target audience note | Not rated. |
| 520 ## - SUMMARY, ETC. | |
| Summary, etc | A dramatization of George Eliot's novel describing life in a provincial town on the eve of the Industrial Revolution. |
| 651 #0 - SUBJECT ADDED ENTRY--GEOGRAPHIC NAME | |
| Geographic name | England |
| General subdivision | Social life and customs |
| Chronological subdivision | 19th century |
| Form subdivision | Drama. |
| 9 (RLIN) | 5690779 |
| 650 #0 - SUBJECT ADDED ENTRY--TOPICAL TERM | |
| Topical term or geographic name as entry element | City and town life |
| Geographic subdivision | England |
| Form subdivision | Drama. |
| 9 (RLIN) | 5674003 |
| 650 #0 - SUBJECT ADDED ENTRY--TOPICAL TERM | |
| Topical term or geographic name as entry element | Young women |
| Form subdivision | Drama. |
| 9 (RLIN) | 5712504 |
| 651 #0 - SUBJECT ADDED ENTRY--GEOGRAPHIC NAME | |
| Geographic name | England |
| Form subdivision | Drama. |
| 9 (RLIN) | 5700793 |
| 650 #0 - SUBJECT ADDED ENTRY--TOPICAL TERM | |
| Topical term or geographic name as entry element | Video recordings for the hearing impaired. |
| 9 (RLIN) | 100348 |
| 700 1# - ADDED ENTRY--PERSONAL NAME | |
| Personal name | Page, Anthony, |
| Dates associated with a name | 1935- |
| 9 (RLIN) | 29922 |
| 700 1# - ADDED ENTRY--PERSONAL NAME | |
| Personal name | Davies, Andrew, |
| Dates associated with a name | 1936- |
| 9 (RLIN) | 10759 |
| 700 1# - ADDED ENTRY--PERSONAL NAME | |
| Personal name | Aubrey, Juliet, |
| Dates associated with a name | 1969- |
| 9 (RLIN) | 77728 |
| 700 1# - ADDED ENTRY--PERSONAL NAME | |
| Personal name | Sewell, Rufus, |
| Dates associated with a name | 1967- |
| 9 (RLIN) | 58424 |
| 710 2# - ADDED ENTRY--CORPORATE NAME | |
| Corporate name or jurisdiction name as entry element | BBC Video (Firm) |
| 9 (RLIN) | 61947 |
| 942 ## - ADDED ENTRY ELEMENTS (KOHA) | |
| Koha item type | DVD |
| 948 ## - LOCAL PROCESSING INFORMATION (OCLC); SERIES PART DESIGNATOR (RLIN) | |
| Series part designator, SPT (RLIN) | 05/27/2006 |
| z (OCLC) | Sirsi |
| 994 ## - | |
| -- | 02 |
| -- | WACOL |
| 996 ## - | |
| -- | 48600 |
| -- | 34301001127887 |
| -- | DVD |
| -- | DVD |
| -- | wcl |
| -- | i |
| -- | 24 |
| -- | 15.95 |
| -- | amazon |
| -- | Mid |
| -- | 12/04/2012 |
| -- | 05/02/2019 |
| -- | 04/30/2019 |
| Withdrawn status | Lost status | Source of classification or shelving scheme | Damaged status | Not for loan | Collection code | Home library | Current library | Shelving location | Date acquired | Source of acquisition | Cost, normal purchase price | Total Checkouts | Total Renewals | Full call number | Barcode | Date last seen | Date checked out | Cost, replacement price | Price effective from | Koha item type |
|---|---|---|---|---|---|---|---|---|---|---|---|---|---|---|---|---|---|---|---|---|
| Dewey Decimal Classification | Movies | Wasatch County Library | Wasatch County Library | Audio Visual Area | 12/04/2012 | Amazon | 15.95 | 28 | 7 | DVD Mid | 34301001127887 | 08/21/2024 | 07/30/2024 | 15.95 | 03/20/2020 | DVD |
